[Event "Peterborough 4NCL Easter U1700 op"]
[Site "Peterborough"]
[Date "2024.03.31"]
[Round "5"]
[White "Sahoo, Shivam"]
[Black "Zajaczkowski, Marek"]
[Result "1-0"]
[WhiteElo "1553"]
[BlackElo "1656"]
[PlyCount "61"]
[EventDate "2024.03.29"]
[EventType "swiss"]
[EventRounds "7"]
[EventCountry "ENG"]
[SourceTitle "CB14_2024"]
[SourceDate "2024.04.01"]
[SourceVersion "1"]
[SourceVersionDate "2024.04.01"]
[SourceQuality "1"]

1. d4 e5 2. dxe5 Nc6 3. Nf3 d5 4. Bf4 Bg4 5. h3 Bf5 6. a3 Bc5 7. Nbd2 Nge7 8. Nb3 Bb6 9. e3 a6 10. Be2 Ng6 11. Bg3 Qd7 12. Qd2 a5 13. Bb5 0-0 14. 0-0 Rfe8 15. Qc3 Nge7 16. Nbd4 Bxd4 17. Nxd4 Bxh3 18. gxh3 Qxh3 19. Nxc6 Nf5 20. e4 dxe4 21. Nd4 Nxd4 22. Qxd4 c6 23. Be2 Re6 24. Rfd1 Rae8 25. Qxe4 Rh6 26. Qg2 Qf5 27. Rd2 Qe6 28. Rd6 Qf5 29. Rxh6 gxh6 30. Bh4+ Kf8 31. Bf6 1-0

[Event "Peterborough 4NCL Easter U1700 op"]
[Site "Peterborough"]
[Date "2024.03.31"]
[Round "4"]
[White "Wallman, James"]
[Black "Sahoo, Shivam"]
[Result "0-1"]
[WhiteElo "1647"]
[BlackElo "1553"]
[PlyCount "82"]
[EventDate "2024.03.29"]
[EventType "swiss"]
[EventRounds "7"]
[EventCountry "ENG"]
[SourceTitle "CB14_2024"]
[SourceDate "2024.04.01"]
[SourceVersion "1"]
[SourceVersionDate "2024.04.01"]
[SourceQuality "1"]

1. e4 e6 2. d4 d5 3. e5 c5 4. c3 Qb6 5. Nf3 Nc6 6. a4 cxd4 7. cxd4 Nge7 8. Nc3 Nf5 9. Bb5 Bd7 10. Bxc6 Bxc6 11. 0-0 Bb4 12. g4 Ne7 13. Bg5 Ng6 14. h4 h6 15. Be3 0-0-0 16. h5 Ne7 17. Rc1 Kb8 18. g5 hxg5 19. Nxg5 Be8 20. Nb5 Nc6 21. Rc2 a6 22. Nd6 Bxd6 23. exd6 Nb4 24. Rc1 Qxd6 25. Qd2 Qe7 26. Rc5 Nc6 27. Qe2 Nxd4 28. Qd1 Qxc5 29. Bxd4 Qe7 30. Qg4 e5 31. Bb6 Rc8 32. f4 f6 33. Ne6 Bxh5 34. Qf5 g6 35. Qh3 Be2 36. Qe3 Bxf1 37. Kxf1 Qxe6 38. fxe5 Rc1+ 39. Ke2 Qg4+ 40. Kd3 Qc4+ 41. Kd2 Qc2# 0-1